000 01167nam a22003377a 4500
003 CHAP
005 20220329141716.0
008 971013s1974 r 00010 d
010 _a72602
011 _a73574
035 _a83132
040 _cCHAP
082 _a338.971
_bC3
110 _aCanadian Agricultural Economics Society
_918217
245 _aEconomic models for agricultural policy issue
_b: proceedings of the 1974 CAES Workshp
260 _a(Ottawa :
_bs.e.),
_c(1974)
300 _a191 p.
501 _aEnc. con : CAES. Canada`s agriculture in the 80`s
590 _aBATCH-UPD
_b10
_c20130110
_lUCH01
_h0409
590 _aBATCH-UPD
_b10
_c20130410
_lUCH01
_h0043
590 _aBATCH-UPD
_b10
_c20130410
_lUCH01
_h1618
590 _aBATCH-UPD
_b10
_c20130914
_lUCH01
_h1501
590 _aCONVERSION
_b10
_c20130109
_lUCH01
_h1340
650 1 4 _aAgricultura
_xModelos matematicos.
_91744
650 1 4 _aGanadería
_xModelos matemáticos.
_944824
650 1 4 _aPolítica agrícola
_xCanadá.
_990296
650 1 4 _aPolítica ganadera
_xCanadá.
_990622
901 _aBK
942 _cLIBRO
949 _a338.971 C3
_bBC
_cLIBRO
_d33724000386439
_eLIBRO
_h6955
_i83132
_si
999 _c72602
_d72602